[Event "HUN-chT3 0001"]
[Site "Hungary"]
[Date "2001.03.25"]
[Round "9.1"]
[White "Erdos, Viktor"]
[Black "Szigetvari, Jozsef"]
[Result "1-0"]
[WhiteElo "2145"]
[BlackElo "2188"]
[PlyCount "81"]
[EventDate "2000.10.29"]
[EventType "team"]
[EventRounds "11"]
[EventCountry "HUN"]
[SourceTitle "EXT 2007"]
[Source "ChessBase"]
[SourceDate "2006.11.23"]
[SourceVersion "1"]
[SourceVersionDate "2006.11.23"]
[SourceQuality "1"]

1. d4 d5 2. c4 c6 3. Nf3 Nf6 4. Nc3 e6 5. Bg5 Be7 6. e3 0-0 7. Qc2 h6 8. Bh4 Nbd7 9. Rd1 Nh5 10. Bxe7 Qxe7 11. Be2 dxc4 12. Bxc4 e5 13. 0-0 exd4 14. Nxd4 Nb6 15. Be2 Nf6 16. e4 Re8 17. Rfe1 Be6 18. f4 Rad8 19. Nxe6 Qxe6 20. Bf3 Qc4 21. Qf2 Na4 22. Nxa4 Qxa4 23. b3 Qa5 24. e5 Nd5 25. Bxd5 Rxd5 26. Rxd5 Qxd5 27. Qxa7 Qd2 28. Qf2 Qc3 29. Qe3 Qb2 30. Qf2 Qc3 31. Rd1 f6 32. exf6 Qxf6 33. h3 Re4 34. Rf1 Qe7 35. Qg3 Re2 36. f5 Qf6 37. a4 Rb2 38. Kh2 Kh7 39. Re1 Qf7 40. Re6 Rb1 41. Qg6+ 1-0

[Event "HUN-chT3 0001"]
[Site "Hungary"]
[Date "2000.11.12"]
[Round "2.1"]
[White "Szigetvari, Jozsef"]
[Black "Korosparti, Andras"]
[Result "1/2-1/2"]
[WhiteElo "2188"]
[BlackElo "2065"]
[PlyCount "29"]
[EventDate "2000.10.29"]
[EventType "team"]
[EventRounds "11"]
[EventCountry "HUN"]
[SourceTitle "EXT 2007"]
[Source "ChessBase"]
[SourceDate "2006.11.23"]
[SourceVersion "1"]
[SourceVersionDate "2006.11.23"]
[SourceQuality "1"]

1. e4 c6 2. d4 d5 3. exd5 cxd5 4. c4 Nf6 5. Nc3 e6 6. Nf3 Be7 7. Be2 Nc6 8. 0-0 0-0 9. h3 Ne4 10. Qc2 Nb4 11. Qb3 Nxc3 12. bxc3 dxc4 13. Bxc4 Nd5 14. Bd3 Qb6 15. Qc2 1/2-1/2